| 000 | 00914nam a22002297a 4500 | ||
|---|---|---|---|
| 005 | 20240530110442.0 | ||
| 008 | 150329s2011 ua f 000 0 ara d | ||
| 017 |
_a2010/20009 _bمصر . دار الكتب المصرية |
||
| 020 | _a9789774556847 | ||
| 040 | _aEG-CaGPL | ||
| 082 | 0 | 4 |
_221 _a613.2\ _bهـ ك |
| 100 | 1 | _aهامفريز ، كارولين | |
| 245 | 1 | 0 |
_aكيف تقلل الكوليسترول فى 7 ايام ؟ / _cتاليف هامفريز كارولين ؛ ترجمة قسم الترجمة بدار الفاروق |
| 250 | _aط1 | ||
| 260 |
_aالقاهرة : _bدار الفاروق للاستثمارات الثقافية ، _c2011 |
||
| 300 |
_a264 ص ؛ _c19 سم. |
||
| 650 | 0 | 4 |
_aالدم _xامراض |
| 650 | 0 | 4 | _aالكوليسترول |
| 710 | 0 |
_aقسم الترجمة بدار الفاروق _eمترجم |
|
| 942 |
_2ddc _cBK |
||
| 999 |
_c61072 _d61072 |
||